000 01272cam a2200313 4500
999 _c16473
_d16473
003 BJBSDDR
005 20230410101948.0
007 ta
008 060907s1966 sp spa
040 _bspa
_cBJBSDDR
041 _aspa
050 1 4 _a118 F 1938.55
_bK96s 1966
082 0 0 _a972.93054
100 1 _aKurzman, Dan,
_d1922-2010
240 _aSanto Domingo: revolt of the damned.
_lSpanish
245 1 0 _aSanto Domingo :
_bla revuelta de los condenados /
_cDan Kurzman ; traducción castellana de Amparo García Burgos.
260 _aBarcelona :
_bEdiciones Martínez Roca,
_c1966
300 _a323 p. ;
_c20 cm.
500 _aTraducido de: Santo Domingo: revolt of the damned.
651 0 _aDominican Republic
_xPolitics and government
_y1961-
651 0 _aDominican Republic
_xForeign relations
_zUnited States.
651 0 _aUnited States
_xForeign relations
_zDominican Republic.
651 0 _aRepública Dominicana
_xPolítica y gobierno
_y1961-
_91068
651 4 _aRepública Dominicana
_xRelaciones exteriores
_zEstados Unidos
_91275
651 4 _aEstados Unidos
_xRelaciones exteriores
_zRepública Dominicana
_91276
651 4 _aRepública Dominicana
_xHistoria
_91277
_ySiglo XX
700 1 _91278
_aGarcía Burgos, Amparo
_etraductora
942 _2lcc
_cBK